Programming VB.NET: (Record no. 2430)

000 -LEADER
fixed length control field 00584nam a22002177a 4500
001 - CONTROL NUMBER
control field 2430
003 - CONTROL NUMBER IDENTIFIER
control field BD-DhUET
008 - FIXED-LENGTH DATA ELEMENTS--GENERAL INFORMATION
fixed length control field 0
020 ## - INTERNATIONAL STANDARD BOOK NUMBER
International Standard Book Number 1893115992
040 ## - CATALOGING SOURCE
Transcribing agency 0
Modifying agency BD-DhUET
082 ## - DEWEY DECIMAL CLASSIFICATION NUMBER
Classification number 005.118
Item number COR/2002
100 ## - MAIN ENTRY--PERSONAL NAME
Personal name Cornell, Gary
245 ## - TITLE STATEMENT
Title Programming VB.NET:
Remainder of title a guide for experienced programmers
Statement of responsibility, etc. by Gary Cornell and Jonathan Morrison
250 ## - EDITION STATEMENT
Edition statement 1st ed.
260 ## - PUBLICATION, DISTRIBUTION, ETC. (IMPRINT)
Place of publication, distribution, etc. New York:
Name of publisher, distributor, etc. Apress,
Date of publication, distribution, etc. 2002.
300 ## - PHYSICAL DESCRIPTION
Extent xvi,500p.
504 ## - BIBLIOGRAPHY, ETC. NOTE
Bibliography, etc Includes bibliographies
650 #0 - SUBJECT ADDED ENTRY--TOPICAL TERM
Topical term or geographic name as entry element Visual Basic (Computer Programming Language)
700 ## - ADDED ENTRY--PERSONAL NAME
Personal name Morrison, Jonathan
942 ## - ADDED ENTRY ELEMENTS (KOHA)
Koha item type General Book
Holdings
Koha item type Location (home branch) Damaged status Koha full call number Piece designation (barcode) Not for loan Copy number Sublocation or collection (holding branch) Koha date last seen Koha normalized classification for sorting Shelving location Lost status Price effective from Date acquired Source of classification or shelving scheme Withdrawn status
General BookCentral Library, BUET 005.118/COR/200297770 1Central Library, BUET2014-09-23005_000000000000000_118COR2002Circulation section 2014-09-232014-09-23  
General BookCentral Library, BUET 005.118/COR/200297771 2Central Library, BUET2014-09-23005_000000000000000_118COR2002Circulation section 2014-09-232014-09-23